000 00642nam a22002177a 4500
999 _c9560
_d9560
001 9560
003 OSt
005 20180528143308.0
008 180319b1969 bg ||||| |||| 00| 0 ben d
035 _a(BD-JhCC)9560
040 _aBD-JhCC
_dBD-JhCC
041 _aben
082 _a530
_bKHA 1969
100 _aখন্দকার, আবুল আব্বাস
245 _aপদার্থের কথা /
_c আবুল আব্বাস খন্দকার
260 _aঢাকা :
_bবাংলা একাডেমী
_c1969.
300 _a144 p. :
_c22 cm.
650 _aPhysics
942 _2ddc
_cBK